| 000 | 00768nam a2200217 i 4500 | ||
|---|---|---|---|
| 001 | 189364 | ||
| 003 | SpMaBN | ||
| 005 | 20260525062939.0 | ||
| 008 | 190524s1946 ag |||| |aspa d | ||
| 100 | 1 |
_aMallea, Eduardo. _975799 |
|
| 245 | 1 | 0 |
_aRodeada está de sueño _b: (memorias poemáticas de un desconocido). _nLibro primero, _pEl alejamiento / _cEduardo Mallea. |
| 250 | _a2ª ed. | ||
| 260 |
_aBuenos Aires : _bEspasa-Calpe, _c1946. |
||
| 300 |
_a151 p. ; _c18 cm. |
||
| 490 | 1 |
_aColección Austral ; _v402 |
|
| 594 | _aEn p. 151: "El retorno", libro segundo de esta obra, apareció en el n. 602 de esta misma colección. | ||
| 740 | 3 | 2 | _aEl alejamiento. |
| 830 | 0 |
_aColección austral _v402 _9177655 |
|
| 852 |
_aES-MaACL _jL-32363 |
||
| 999 |
_c189364 _d189364 |
||